000
00283nam a2200121Ia 4500
008
230411s9999 xx 000 0 und d
041
_a
eng
082
_a
EC/330/SAM/B01908
100
_a
Samuel Paul
245
_a
Economics
260
_a
New Delhi
_c
2006
999
_c
153149
_d
153149